Normal view
MARC view
- Tariq Abdullah
Entry Personal Name
001 - CONTROL NUMBER
- control field: 47972
003 - CONTROL NUMBER IDENTIFIER
- control field: NUST
005 - DATE AND TIME OF LATEST TRANSACTION
- control field: 20210314133937.0
008 - FIXED-LENGTH DATA ELEMENTS
- fixed length control field: 210314|| aca||aabn | a|a d
040 ## - CATALOGING SOURCE
- Original cataloging agency: NUST
- Transcribing agency: NUST
100 ## - HEADING--PERSONAL NAME
- Personal name: Tariq Abdullah
670 ## - SOURCE DATA FOUND
- Source citation: Work cat.: (NUST): Amjad Mahmood. 47971, Behaviour of short concrete columns under load/, 2001.
